Usos y consumo en el centro de Bogotá: acercamiento a cómo los bogotanos usan, imaginan, apropian, reapropian, significan y resignifican el Centro

Saved in:
Bibliographic Details
Main Authors: Córdoba Laguna, Juan Carlos (Author), Ballestas Caro, Nancy (Author)
Format: Book
Language:Spanish
Published: Bogotá Universidad de Bogotá Jorge Tadeo Lozano 2009
Series:Resultados de Investigación 2, 1
Subjects:
Tags: Add Tag
No Tags, Be the first to tag this record!

MARC

LEADER 00000nam a2200000 a 4500
001 UCH7358
003 CL-VaPUC
008 091112e20090000CK |||||||||||||||||spa|d
082 0 4 |a 338.479861  |b COR  |2 21 
100 0 |a Córdoba Laguna, Juan Carlos  |e author  |9 543816 
700 0 |a Ballestas Caro, Nancy  |e author  |9 543817 
245 1 0 |a Usos y consumo en el centro de Bogotá: acercamiento a cómo los bogotanos usan, imaginan, apropian, reapropian, significan y resignifican el Centro 
300 |a 29 p 
942 |c BK 
945 |d 20091112 00:00:00  |a rbrito 
260 |a Bogotá  |b Universidad de Bogotá Jorge Tadeo Lozano  |c 2009 
650 7 |a CONSUMISMO  |2 CL-VaPUC  |9 543818 
650 0 |a Consumidores  |9 315658 
650 0 |a Influencia social  |9 309315 
650 7 |a PODER ECONOMICO  |2 CL-VaPUC  |9 338221 
650 0 |a Comportamiento del consumidor  |9 331318 
583 |a last modification  |c 20160307 12:36:23  |k Rodrigo Vera 
490 0 |a Resultados de Investigación 2, 1 
999 |c 338004  |d 338002 
952 |0 0  |1 0  |4 0  |6 338_479861000000000_COR_2009  |7 0  |8 A  |9 430778  |a BIBGIM  |b BIBGIM  |d 2019-11-22  |i 4616847  |o 338.479861 COR 2009  |p 4616847  |r 2025-01-15  |w 2019-11-22  |y BK  |k GIM